Dátové centrum obcí a miest

Pokračovanie príspevku z predchádzajúceho čísla. Integrácia projektu na Ústredný portál verejnej správy a moduly, ktoré obciam umožnia zefektívnenie ich činností.

Salvato in:
Dettagli Bibliografici
Autore principale: Bolek, Vladimír, 1988-
Altri autori: Romanová, Anita, 1973-
Natura: Capitolo di libro
Lingua:slovacco
Soggetti:
Tags: Aggiungi Tag
Nessun Tag, puoi essere il primo ad aggiungerne!!

MARC

LEADER 00000naa a2200000 4500
001 0216411
005 20240502073615.4
041 0 |a slo 
044 |a SK 
245 1 0 |a Dátové centrum obcí a miest  |c Vladimír Bolek, Anita Romanová 
520 |a Pokračovanie príspevku z predchádzajúceho čísla. Integrácia projektu na Ústredný portál verejnej správy a moduly, ktoré obciam umožnia zefektívnenie ich činností. 
610 2 0 |a centrá dátové 
610 2 0 |a obce 
610 2 0 |a mestá 
610 2 0 |a systémy informačné 
610 2 0 |a technológie informačné 
610 2 0 |a technológie komunikačné 
610 2 0 |a správa verejná 
100 1 |a Bolek, Vladimír, 1988- 
700 1 |a Romanová, Anita, 1973-